000 00318nam a22001457a 4500
008 240318b ||||| |||| 00| 0 eng d
020 _a9780671767891
041 _aeng
080 _21992
_a34
082 _a34WAL
100 _a32
101 _aJUREDIK
245 _aCOMPLEXITY
_cMITCHELL WALDROP
942 _2udc
_cBK
999 _c60608
_d60608